| 000 | 01139nam a22003497a 4500 | ||
|---|---|---|---|
| 003 | CHAP | ||
| 005 | 20220329133240.0 | ||
| 008 | 971013s1990 r 00010 d | ||
| 010 | _a3918 | ||
| 011 | _a4890 | ||
| 035 | _a4094 | ||
| 040 | _cCHAP | ||
| 090 | _aFolleto 13339 | ||
| 100 | 0 | 0 |
_aHuerta Paniagua, Roberto Antonio. _956696 |
| 245 | _aZoonosis transmitidas por garrapatas | ||
| 260 |
_aChapingo, Méx. : _bUACH. Departamento de Parasitología Agrícola, _c1990 |
||
| 300 | _a19 h | ||
| 500 | _aD51-245 | ||
| 590 |
_aBATCH-UPD _b10 _c20130110 _lUCH01 _h0152 |
||
| 590 |
_aBATCH-UPD _b10 _c20130110 _lUCH01 _h1748 |
||
| 590 |
_aBATCH-UPD _b10 _c20130409 _lUCH01 _h2153 |
||
| 590 |
_aBATCH-UPD _b10 _c20130914 _lUCH01 _h0343 |
||
| 590 |
_aCONVERSION _b10 _c20130109 _lUCH01 _h1303 |
||
| 650 | 1 | 4 |
_aAnimales como vectores de enfermedades. _95877 |
| 650 | 1 | 4 |
_aGarrapatas. _946932 |
| 650 | 1 | 4 |
_aZoonosis. _9124194 |
| 700 | 0 |
_aVillagómez Cortés, José Alfredo S. _9119401 |
|
| 901 | _aBK | ||
| 942 | _cFOLL | ||
| 949 |
_aFolleto 13339 _bBC _cFOLL _d-13625 _eTS1 _i4094 _si |
||
| 949 |
_aFolleto 13339 _bBC _cUACH _d-77999 _eUACH _fc.2 _i4094 _si |
||
| 999 |
_c3918 _d3918 |
||